期刊信息 |
| 索取号 |
I26/ZWXK
|
| 题名 |
杂文选刊
|
| 作者 |
杂文选刊编辑部
|
| 分册号 |
|
| 分册名 |
|
| 出版地 |
吉林
|
| 出版者 |
杂文选刊编辑部
|
| 标准刊号 |
1008-3936
|
| 出版频率 |
月刊
|
| 中图法分类 |
I26
|
| 主题词 |
散文 中国; 散文 作品综合集 中国
|
| 电子资源 | |
| |
|
| 000 | 00707nas0 2200253 45 | |
| 001 | 0552754062 | |
| 005 | 20210917085241.79 | |
| 010 | @d3 | |
| 011 | @a1008-3936@dCNY3.00(2006) | |
| 091 | @aCN22-1281/I | |
| 092 | @b12-340 | |
| 100 | @a20051129d km y0chiy0120 ea | |
| 101 | 0 | @achi |
| 200 | 1 | @a杂文选刊@AZa Wen Xuan Kan@i下半月@f杂文选刊编辑部@FZa Wen Xuan Kan Bian Ji Bu |
| 210 | @a吉林@c杂文选刊编辑部 | |
| 300 | @a2014(2)未装订存于密集书库1 | |
| 326 | @a月刊 | |
| 517 | 1 | @a下半月@AXia Ban Yue |
| 606 | 0 | @a散文@x中国 |
| 606 | 0 | @a散文@x作品综合集@x中国 |
| 690 | @aI26@v4 | |
| 711 | 0 | @a杂文选刊编辑部@AZa Wen Xuan Kan Bian Ji Bu |
| 801 | 0 | @aCN@bPFT@c20070521 |
| 905 | @aTJWY@dI26@eZWXK | |
| 杂文选刊.下半月/杂文选刊编辑部.-吉林:杂文选刊编辑部 |
| 2014(2)未装订存于密集书库1 |
| 3 ISSN 1008-3936:CNY3.00(2006) |
| ● |
| 相关链接: |
|
|
|
|